• 首页
  • 本馆介绍
  • 公告通知
  • 最新文献
  • 馆藏检索
  • 电子资源
  • 读者导购
  • 参考咨询
  • 我的图书馆
  • 登录
  • 详细信息显示
  • 放入我的书架
  • 预约/预借图书
  • 作者相关作品
  • 分类相关作品
  • 丛书相关作品
  • 出版社相关作品

书目信息

  • 表格格式
  • 工作单格式
  • 卡片格式
题名:
县图书馆工作讲话
    
 
作者: 辽宁省图书馆 编
分册:  
出版信息:    1979
页数: 220页
开本: 20cm
丛书名:
单 册:
中图分类: G25
科图分类:
主题词: 图书馆学 , 图书馆事业
电子资源:
ISBN:
000 00524nam0 2200181 450
001 0662386561
005 20060815172031.43
100    @a20060815d1979 km y0chiy0120 ea
101 0  @achi
200 1  @a县图书馆工作讲话@Axian tu shu guan gong zuo jiang hua@f辽宁省图书馆编@Fliao ning sheng tu shu guan bian
210    @d1979
215    @a220页@d20cm
606 0  @a图书馆学
606 0  @a图书馆事业
690    @aG25@v3
701  0 @a辽宁省图书馆@Aliao ning sheng tu shu guan@4编
801  0 @aCN@bPFT@c20060815
905    @a10447@dG25@e104
    
    县图书馆工作讲话/辽宁省图书馆编.-1979
    220页;20cm
    
    
    ISBN :
    
●
相关链接 在E读中查询图书 在五车中查询图书 在当当中查询图书 在豆瓣中查询图书


正题名:县图书馆工作讲话     索取号:G25/104         预约/预借

序号 登录号 条形码 馆藏地/架位号 状态 备注
1 0460480   204604801   密集书库/ [索取号:G25/104] 在馆    
2 0460481   204604810   密集书库/ [索取号:G25/104] 在馆    
唐山师范学院图书馆 欢迎您!
大连网信软件有限公司© 版权所有